Don't Worry I'll Make You Worry - Sabrina Carpenter (All Lyrics) - Statistics

General Stats
  • This quiz has been taken 232 times
  • The average score is 206 of 252
Answer Stats
Lyrics % Correct
a
100%
do,
100%
don't
100%
(Don't
100%
I
100%
I'll
99%
like
99%
make
99%
no
99%
So
99%
so
99%
worry
99%
worry)
99%
You
99%
you
99%
can
98%
other
98%
your
98%
Your
98%
girl
97%
Then
97%
you're
97%
You're
97%
I'm
95%
think
95%
And
94%
and
94%
right
94%
that
94%
That
94%
with
93%
absolutely
92%
fuck
92%
me
92%
head?
91%
it
91%
Well,
91%
be
90%
gonna
90%
never
88%
worse
88%
making
87%
perfect
87%
of
86%
couldn't
85%
for
85%
it's
85%
love
85%
back
84%
know
84%
laugh
84%
call
83%
still
83%
the
83%
timing
83%
where
83%
But
80%
how
80%
my
80%
on
80%
home
79%
let
79%
read
79%
stand
79%
when
79%
drive
77%
impressive
77%
please
77%
signs
77%
Actually,
74%
minute
74%
mother
74%
even
73%
sure
73%
agrees
72%
forty
72%
get
72%
all
71%
man
71%
jokes
70%
out
70%
thanks
70%
shell
69%
Ah
67%
ah
67%
ah,
67%
(Ah,
67%
ah)
67%
(Ah)
67%
Ah,
67%
ever
67%
you'll
67%
feeling
66%
emotional
65%
is
65%
bitch
64%
good,
64%
Silent
64%
humblin'
62%
ass
60%
Damn
60%
leave
60%
was
60%
annoyingly
58%
sleeping
58%
treatment
58%
internalizing
57%
some
56%
that's
55%
help
52%
lucky
52%
might
52%
best
51%
decide
50%
Hope
50%
work
49%
lottery
48%
(Mm)
33%
Not
22%
(Wow)
10%
No matching quizzes found
Score Distribution
Percent of People with Each Score
Percentile by Number Answered
Your Score History
You have not taken this quiz